Gilrock - Full Ore List - Statistics

General Stats
  • This quiz has been taken 40 times
    31 since last reset
  • The average score is 72 of 176
Answer Stats
Ore List % Correct
Coal
100%
Copper
100%
Diamond
100%
Gold
100%
Iron
100%
Platinum
100%
Potassium
100%
Silver
100%
Aether
50%
Aluminium
50%
Amethyst
50%
Andesite
50%
Antimatter
50%
Antimony
50%
Aquanilyx
50%
Astatine
50%
Barium
50%
Basalt
50%
Beryllium
50%
Bismuth
50%
Bloodmantle
50%
Boron
50%
Cadmium
50%
Calcium
50%
Cerium
50%
Cesium
50%
Chalk
50%
Chromium
50%
Cobalt
50%
Crystalline
50%
Darkmatter
50%
Dirt
50%
Dolostone
50%
Domus
50%
Dysprosium
50%
Elektralite
50%
Emerald
50%
Emphralim
50%
Erbium
50%
ERROR
50%
Europium
50%
Flerovium
50%
Fluorine
50%
Francium
50%
Gadolinium
50%
Gallium
50%
Gneiss
50%
Hafnium
50%
Haoshoku
50%
Helium
50%
Hellfire Column
50%
Hexite
50%
Holmium
50%
Illusium
50%
Indium
50%
Infinium
50%
Iridium
50%
Krypton
50%
Lacrimium
50%
Lanthanum
50%
Lava
50%
Lead
50%
Limestone
50%
Lithium
50%
Luminatite
50%
Lutetium
50%
Magma
50%
Magnesium
50%
Manganese
50%
Marble
50%
Mercury
50%
Molybdenum
50%
Neodymium
50%
NGC 1512
50%
Nickel
50%
Niobium
50%
Obsidian
50%
Oganesson
50%
OJ
50%
Opal
50%
Ordovium
50%
Osmium
50%
Palette O' Stars
50%
Palladium
50%
Peridotite
50%
Phosphorus
50%
Polonium
50%
Praseodymium
50%
Prometheus
50%
Promethium
50%
Quark-Gluon Plasma
50%
Quasaranthic-a
50%
Radium
50%
Rhenium
50%
Rhodium
50%
Roentgenium
50%
Rubidium
50%
Ruby
50%
Ruthenium
50%
Samarium
50%
Sapphire
50%
Scandium
50%
Scarlet Lunaris
50%
Silicon
50%
Singularity
50%
Sodium
50%
Spikilite
50%
Stone
50%
Strontium
50%
Sulfur
50%
Tantalum
50%
Technetium
50%
Tellurium
50%
Terbium
50%
Thallium
50%
Thorium
50%
Thulium
50%
Tin
50%
Titanium
50%
Topaz
50%
Tritium
50%
Tuff
50%
Tungsten
50%
Uranium
50%
Vanadium
50%
Voidrinite
50%
Voidstone
50%
Voltage
50%
YAAI
50%
Ytterbium
50%
Yttrium
50%
Zeus
50%
Zinc
50%
Zirconium
50%
Zodiac
50%
Abyssalite
0%
Albite
0%
Amber
0%
Atlasium
0%
Bentonite
0%
Bromine
0%
Calcite
0%
Cinnabar
0%
Cosmic Slag
0%
Covenite
0%
Diorite
0%
Dunite
0%
Felsite
0%
Granite
0%
Gypsum
0%
Halite
0%
Harzburgite
0%
Illite
0%
Inkium
0%
Kaolinite
0%
Komatiite
0%
Kyanite
0%
Lapis Lazuli
0%
Lherzolite
0%
Migmatite
0%
Neon
0%
Neutron
0%
Nullite
0%
Olivine
0%
Photon
0%
Plasma
0%
Pumice
0%
Pure Light
0%
Quartzite
0%
Reflectite
0%
Rhyolite
0%
Schist
0%
Scoria
0%
Shardite
0%
Tachylite
0%
Talc
0%
No matching quizzes found
Score Distribution
Percent of People with Each Score
Percentile by Number Answered
Your Score History
You have not taken this quiz since the last reset